Statistics for Highest Grossing Movies of 1996

Click here to take the quiz!

General Stats

  • This quiz has been taken 68 times
  • The average score is 6 of 33

Answer Stats

RankGrossMovieCompany% Correct
1$817,400,000Independence Day20th Century Fox
72%
9$273,600,000Jerry MaguireTriStar Pictures
60%
3$457,700,000Mission: ImpossibleParamount Pictures
48%
29$102,800,000The Cable GuyColumbia Pictures
48%
5$325,300,000The Hunchback of Notre DameWalt Disney Pictures
40%
31$101,400,000Mars Attacks!Warner Bros. Pictures
36%
6$320,600,000101 DalmatiansWalt Disney Pictures
24%
10$242,300,000EraserWarner Bros. Pictures
24%
15$173,000,000ScreamDimension Films
24%
7$309,500,000RansomTouchstone Pictures
20%
12$230,400,000Space JamWarner Bros. Pictures
20%
22$146,000,000Star Trek: First ContactParamount Pictures
16%
11$232,000,000The English PatientMiramax Films
16%
4$335,100,000The RockHollywood Pictures
16%
2$494,500,000TwisterWarner Bros. – Universal Pictures
16%
18$152,000,000A Time to KillWarner Bros. Pictures
12%
20$150,200,000Broken Arrow20th Century Fox
12%
30$102,600,000Primal FearParamount Pictures
12%
13$185,300,000The BirdcageUnited Artists
12%
17$159,200,000DaylightUniversal Pictures
8%
27$115,300,000DragonHeartUniversal Pictures
8%
23$141,000,000EvitaHollywood Pictures
8%
26$119,700,000MichaelWarner Bros. – New Line Cinema
8%
19$152,000,000PhenomenonTouchstone Pictures
8%
16$165,600,000SleepersWarner Bros. Pictures
8%
21$147,500,000William Shakespeare's Romeo and Juliet20th Century Fox
8%
32$100,900,000Courage Under Fire20th Century Fox
4%
28$113,000,000StripteaseColumbia Pictures
4%
14$181,000,000The First Wives ClubParamount Pictures
4%
8$274,000,000The Nutty ProfessorUniversal Pictures
4%
25$122,100,000Executive DecisionWarner Bros. Pictures
0%
24$129,900,000Jingle All the WayFox 2000 Pictures
0%
33$100,700,000Up Close and PersonalTouchstone Pictures
0%

Score Distribution

Percentile by Number Answered

Percent of People with Each Score

Your Score History

You have not taken this quiz